Conceito (Registro n. 644)
[ somente texto ]
| 000 -LEADER | |
|---|---|
| fixed length control field | 00881nas a22002417a 4500 |
| 005 - DATE AND TIME OF LATEST TRANSACTION | |
| control field | 20260513103529.0 |
| 006 - FIXED-LENGTH DATA ELEMENTS--ADDITIONAL MATERIAL CHARACTERISTICS | |
| fixed length control field | a||||gr|||| 00| || |
| 008 - FIXED-LENGTH DATA ELEMENTS--GENERAL INFORMATION | |
| fixed length control field | 260513b19811983porm||g|r|||| 00| z por d |
| 040 ## - CATALOGING SOURCE | |
| Transcribing agency | BR-ViAPE |
| 245 ## - TITLE STATEMENT | |
| Title | Conceito |
| 260 ## - PUBLICATION, DISTRIBUTION, ETC. | |
| Place of publication, distribution, etc. | Vitória |
| Name of publisher, distributor, etc. | LABRA - Laboratório de Estudos Brasileiros Ltda |
| Date of publication, distribution, etc. | 1981-1983 |
| 300 ## - PHYSICAL DESCRIPTION | |
| Extent | v. |
| Other physical details | il. |
| 310 ## - CURRENT PUBLICATION FREQUENCY | |
| Current publication frequency | Mensal |
| 362 ## - DATES OF PUBLICATION AND/OR SEQUENTIAL DESIGNATION | |
| Dates of publication and/or sequential designation | n. 1 (dez. 1981) - n. 11 (fev. 1983). |
| 500 ## - GENERAL NOTE | |
| General note | Disponibilizada apenas a imagem da capa na versão digital, em virtude de restrições de direitos autorais. |
| 500 ## - GENERAL NOTE | |
| General note | Coleção incompleta: disponíveis apenas alguns números do periódico. |
| 650 ## - SUBJECT ADDED ENTRY--TOPICAL TERM | |
| Topical term or geographic name entry element | Economia |
| General subdivision | Vida Urbana |
| -- | Religião |
| Geographic subdivision | Espírito Santo |
| 651 ## - SUBJECT ADDED ENTRY--GEOGRAPHIC NAME | |
| Geographic name | Espírito Santo (Brasil) |
| Form subdivision | Periódicos |
| 700 ## - ADDED ENTRY--PERSONAL NAME | |
| Personal name | Lima, Jackson |
| 710 ## - ADDED ENTRY--CORPORATE NAME | |
| Corporate name or jurisdiction name as entry element | LABRA - Laboratório de Estudos Brasileiros Ltda |
| 942 ## - ADDED ENTRY ELEMENTS (KOHA) | |
| Source of classification or shelving scheme | Dewey Decimal Classification |
| Koha item type | Periódicos |
| Suppress in OPAC | Yes |
| Withdrawn status | Lost status | Source of classification or shelving scheme | Damaged status | Not for loan | Home library | Current library | Date acquired | Total checkouts | Date last seen | Price effective from | Koha item type |
|---|---|---|---|---|---|---|---|---|---|---|---|
| Dewey Decimal Classification | Hemeroteca Digital do Arquivo Público do Estado do Espírito Santo | Hemeroteca Digital do Arquivo Público do Estado do Espírito Santo | 05/13/2026 | 05/13/2026 | 05/13/2026 | Periódicos |